[Event "Floripa Chess Open 2024"]
[Site "Florianopolis"]
[Date "2024.01.22"]
[Round "4.13"]
[White "Labussiere, Yago"]
[Black "Ticona Rocabado, Licael Roderick"]
[Result "0-1"]
[WhiteElo "2167"]
[BlackElo "2350"]
[PlyCount "100"]
[EventDate "2024.01.20"]
[EventRounds "10"]
[EventCountry "BRA"]

1. c4 e5 2. Nc3 d6 3. Nf3 f5 4. d4 e4 5. Ng5 Nf6 6. Nh3 ({RR} 6. d5 h6 7. Nh3
g5 8. e3 Bg7 9. f3 Qe7 10. Nf2 Na6 11. Be2 exf3 12. gxf3 Bd7 13. Bd2 c6 14.
dxc6 bxc6 15. Qa4 Nc5 16. Qc2 Rb8 17. O-O-O Be6 18. h4 Nfd7 19. hxg5 hxg5 20.
Rxh8+ Bxh8 {Tella,J (2425)-Kiik,K (2439) Helsinki 1999 1/2-1/2 (43)}) ({RR} 6.
d5 c6 7. h4 Be7 8. Nh3 O-O 9. Nf4 Na6 10. g3 Ng4 11. Bg2 Bf6 12. Qb3 Nc5 13.
Qc2 Re8 14. b3 e3 15. f3 Nf2 16. Rh2 Qa5 17. Bb2 Bd7 18. a3 Qc7 19. b4 Na6 20.
Nd1 Bxb2 {Sanchez Alvares,K (2250)-Girel,J (2310) chess.com INT 2020 1-0 (91)})
6... g6 7. Bg5 Bg7 $146 ({RR} 7... h6 8. Bxf6 Qxf6 9. e3 c6 10. f3 exf3 11.
Qxf3 Bg7 12. Bd3 O-O 13. O-O Na6 14. Qg3 g5 15. Rad1 Qe7 16. Kh1 Bd7 17. Ng1
Rae8 18. Nf3 Bf6 19. e4 f4 20. Qf2 Qg7 21. e5 dxe5 22. dxe5 {Tereick,B (2181)
-Deegens,V (2250) Germany 2005 0-1}) 8. Nf4 c6 9. e3 Na6 10. h4 Nc7 11. h5 Ne6
12. Nxe6 Bxe6 13. d5 Bf7 14. h6 Bf8 15. dxc6 bxc6 16. Qa4 Be7 17. Qxc6+ Nd7 18.
Bxe7 Kxe7 19. Nd5+ Bxd5 20. Qxd5 Rb8 21. b3 Qb6 22. Be2 Qb4+ 23. Qd2 a5 24. Rc1
Nc5 25. Qxb4 axb4 26. Rc2 Ra8 27. O-O Ra6 28. Rd1 Rha8 29. Rdd2 Kf6 30. f4 exf3
31. Bxf3 Re8 32. Kf2 Kg5 33. Rd4 Kxh6 34. Rcd2 Re6 35. Bd5 Rf6 36. g3 Kg5 37.
Bf3 h5 38. Kg2 Re6 39. Kf2 Kh6 40. Bd5 Re7 41. Bf3 Rea7 42. Rxd6 Rxd6 43. Rxd6
Rxa2+ 44. Ke1 Nxb3 45. Rb6 Nc5 46. Be2 b3 47. Kf2 Rc2 48. Ke1 b2 49. Bd1 Nd3+
50. Kf1 Rc1 0-1

[Event "Floripa Chess Open 2024"]
[Site "Florianopolis"]
[Date "2024.01.22"]
[Round "4.14"]
[White "Umetsubo, Cesar Hidemitsu"]
[Black "Starke, Bruno Orlando"]
[Result "1-0"]
[WhiteElo "2349"]
[BlackElo "2145"]
[PlyCount "83"]
[EventDate "2024.01.20"]
[EventRounds "10"]
[EventCountry "BRA"]

1. e4 c5 2. Nf3 Nc6 3. d4 cxd4 4. Nxd4 e5 5. Nb5 d6 6. c4 g6 7. N1c3 a6 8. Na3
Be6 9. Be2 Bg7 10. O-O Nf6 11. Nc2 O-O 12. Be3 Rc8 13. f3 Ne7 ({RR} 13... Nh5
14. Nd5 Bxd5 15. Qxd5 Nd4 16. Bd3 b5 17. Nxd4 exd4 18. Bg5 Qb6 19. cxb5 Rc5 20.
Qb3 Rxg5 21. bxa6 Qxb3 22. axb3 Nf4 23. Bc4 Rxg2+ 24. Kh1 Rxb2 25. Rfb1 Rc2 26.
Rc1 d3 27. Rxc2 Bxa1 28. Rc1 {Pichot,A (2630)-Giri,A (2780) chess24.com INT
2021 0-1 (32)}) 14. b3 Nh5 $146 ({RR} 14... b5 15. Nd5 bxc4 16. bxc4 Nd7 17.
Qd2 Nc6 18. Rfd1 Nc5 19. Rab1 Qe8 20. Ndb4 Na5 21. Nxa6 Nxc4 22. Bxc4 Bxc4 23.
Nxc5 dxc5 24. Na3 Be6 25. Nb5 Qe7 26. a4 Rfd8 27. Nd6 Ra8 28. Rb7 Qxb7 29. Nxb7
{Oleksiyenko,M (2587)-Grandelius,N (2681) Lublin POL 2023 0-1 (76)}) 15. Qd2
Nf4 16. Rad1 b5 17. Bxf4 exf4 18. Nd5 Bxd5 19. exd5 Be5 20. Bd3 bxc4 21. bxc4
Qb6+ 22. Kh1 Rb8 23. Na1 Qb4 24. Nb3 Rfc8 25. Qxb4 Rxb4 26. Rfe1 f6 27. g3 Kf7
28. gxf4 Bxf4 29. Re4 g5 30. c5 dxc5 31. d6 Rxe4 32. fxe4 Nc6 33. Bc4+ Kg6 34.
d7 Rd8 35. Nxc5 Ne5 36. Be6 Nxd7 37. Rxd7 Rxd7 38. Nxd7 h5 39. h3 a5 40. a4 Bd2
41. Kg2 Bc3 42. Kf3 1-0

[Event "Floripa Chess Open 2024"]
[Site "Florianopolis"]
[Date "2024.01.22"]
[Round "4.15"]
[White "Cordeiro, Marco Aurelio Zaror"]
[Black "Labussiere, Victor"]
[Result "0-1"]
[WhiteElo "2057"]
[BlackElo "2328"]
[PlyCount "96"]
[EventDate "2024.01.20"]
[EventRounds "10"]
[EventCountry "BRA"]

1. Nf3 Nf6 2. b3 d5 3. Bb2 c5 4. e3 Nc6 5. Be2 e6 6. O-O Bd6 7. d4 cxd4 8. exd4
O-O 9. Nbd2 b6 10. Ne5 Bb7 11. Ndf3 $146 ({RR} 11. f4 Ne7 12. Qe1 Ne4 13. Nxe4
dxe4 14. Bg4 f5 15. Bd1 Nc6 16. c4 Bxe5 17. dxe5 Qe7 18. a4 Nb4 19. Ba3 Qc5+
20. Kh1 a5 21. Bxb4 axb4 22. Bc2 Rfd8 23. Rd1 Qe7 24. Qf2 Qc5 25. Qh4 Qc7 {
Fluvia Poyatos,J (2223)-Saez Moya,J (2069) Formigal 2002 1/2-1/2 (89)}) 11...
Ne7 12. Bd3 Ne4 13. Qe2 f6 14. Ng4 Ng6 15. g3 Qd7 16. Ne3 f5 17. Ng2 Qc7 18.
Nfe1 Rae8 19. f3 Nf6 20. f4 Ne4 21. Nf3 Qd7 22. Ne5 Nxe5 23. fxe5 Be7 24. Bb5
Bc6 25. Bxc6 Qxc6 26. c4 dxc4 27. bxc4 Rc8 28. Rfc1 Bg5 29. Rc2 Rfd8 30. a4 Rc7
31. Nf4 Bxf4 32. gxf4 g5 33. fxg5 Nxg5 34. Qg2 Qf3 35. Bc1 f4 36. Rf2 Qxg2+ 37.
Rxg2 Rg7 38. Raa2 Rxd4 39. Rad2 Nh3+ 40. Kf1 Rxd2 41. Rxd2 Rg1+ 42. Ke2 Rg2+
43. Kd3 Rxd2+ 44. Kxd2 f3 45. Kd3 f2 46. Ke2 Kf7 47. Kf1 Kg6 48. Kg2 Kf5 0-1

[Event "Floripa Chess Open 2024"]
[Site "Florianopolis"]
[Date "2024.01.22"]
[Round "4.16"]
[White "Filgueiras, Nathan Felipe"]
[Black "Da Silva, Lucas Pereira Mende"]
[Result "1-0"]
[WhiteElo "2321"]
[BlackElo "1974"]
[PlyCount "177"]
[EventDate "2024.01.20"]
[EventRounds "10"]
[EventCountry "BRA"]

1. e4 c5 2. Nc3 a6 3. Nge2 e5 ({RR} 3... Nf6 4. g3 d6 5. Bg2 g6 6. d4 Nbd7 7.
dxc5 Nxc5 8. Be3 Ncd7 9. O-O Ng4 10. Bc1 Bg7 11. h3 Ngf6 12. Be3 O-O 13. g4 Ne8
14. Qd2 b5 15. a4 b4 16. Nd5 e6 17. Bg5 f6 18. Be3 {Navara,D (2633)-Sasikiran,
K (2694) Dresden 2008 1/2-1/2 (75)}) 4. Nd5 Nf6 5. Nec3 Nxd5 $146 ({RR} 5... d6
6. d3 Be7 7. Nxe7 Qxe7 8. Bg5 Be6 9. g3 Nbd7 10. Bg2 O-O 11. O-O b5 12. f4 b4
13. Nd5 Bxd5 14. exd5 h6 15. fxe5 Qxe5 16. Bf4 Qd4+ 17. Kh1 Ne5 18. Qe1 Rae8
19. c3 bxc3 20. Qxc3 {Thiel,T (2234)-Lach,A (2184) chess.com INT 2023 0-1 (35)}
) 6. Nxd5 d6 7. a4 Be6 8. Bc4 Be7 9. O-O O-O 10. d3 Nc6 11. c3 Rb8 12. Be3 Bg5
13. Qh5 Bf6 14. g3 Bxd5 15. Bxd5 Ne7 16. Ba2 b5 17. axb5 axb5 18. f4 exf4 19.
Bxf4 Ng6 20. Bd5 Qe7 21. Bd2 Ne5 22. Qe2 Ng6 23. Rf5 Qd7 24. Rf2 Ne7 25. Bb3
Ng6 26. Raf1 Ne5 27. Bd5 Qg4 28. Qe3 Qg6 29. h3 h6 30. Kg2 Bg5 31. Qe2 Bf6 32.
Rf5 Rbe8 33. g4 Re7 34. Bf4 Bh4 35. d4 cxd4 36. cxd4 Nc4 37. b3 Nb6 38. Qxb5
Nxd5 39. Qxd5 Re6 40. Bg3 Bxg3 41. Kxg3 Rfe8 42. R1f4 f6 43. e5 dxe5 44. dxe5
fxe5 45. Rxe5 Kh7 46. Rxe6 Rxe6 47. Qf5 Re3+ 48. Rf3 Qxf5 49. gxf5 Re5 50. Kf4
Rb5 51. Ke4 Kg8 52. Kd4 Kf7 53. Kc4 Re5 54. b4 Ke7 55. b5 Kd7 56. Kb4 Kc7 57.
Ka5 Kb7 58. Rg3 Re7 59. Rg6 Rf7 60. h4 Ka7 61. Ra6+ Kb7 62. Rg6 Ka7 63. Kb4 Kb7
64. Kc4 Rxf5 65. Rxg7+ Kb8 66. Rg4 h5 67. Re4 Kb7 68. Kb4 Rd5 69. Ka5 Rd7 70.
Re5 Rh7 71. Re6 Ka7 72. Ra6+ Kb7 73. Re6 Ka7 74. Rg6 Kb7 75. Rg5 Ka7 76. Kb4
Kb6 77. Rg6+ Kb7 78. Kc5 Rc7+ 79. Kd5 Rh7 80. Ke5 Rc7 81. Kd5 Rh7 82. Rg5 Kb6
83. Ke6 Rh6+ 84. Kf7 Kc7 85. Kg7 Rb6 86. Rxh5 Kd7 87. Rg5 Re6 88. h5 Ke8 89. h6
1-0

[Event "Floripa Chess Open 2024"]
[Site "Florianopolis"]
[Date "2024.01.22"]
[Round "4.17"]
[White "Colivet Gamboa, Julio Cesar"]
[Black "Soriano Quispe, Ivan Excender"]
[Result "0-1"]
[WhiteElo "1976"]
[BlackElo "2271"]
[PlyCount "82"]
[EventDate "2024.01.20"]
[EventRounds "10"]
[EventCountry "BRA"]

1. e4 e5 2. Nf3 Nc6 3. Bc4 Bc5 4. O-O d6 5. c3 Nf6 6. d3 O-O 7. Nbd2 a5 8. h3
h6 9. Re1 Be6 ({RR} 9... Re8 10. Nf1 Ba7 11. Ng3 Ne7 12. d4 Ng6 13. Bd3 Nf4 14.
dxe5 dxe5 15. Nxe5 Nxh3+ 16. gxh3 Rxe5 17. Kg2 Qd7 18. Nf5 Qc6 19. f3 Bxf5 20.
exf5 Rxe1 21. Qxe1 Re8 22. Qg3 Qd5 23. Bxh6 Nh5 24. Qg5 {Kochiev,I (2051)
-Bolat,I (2241) chess.com INT 2024 0-1}) 10. Bb3 ({RR} 10. Bb5 Qb8 11. Nf1 Qa7
12. Be3 Bxe3 13. Nxe3 Ne7 14. Ba4 Ng6 15. Bc2 a4 16. d4 Rfe8 17. Nf5 b5 18. Qd2
Rad8 19. b3 axb3 20. axb3 Qb6 21. Ng3 c6 22. Qe3 Ra8 23. b4 Qc7 24. Qd2 Rad8 {
Dominguez Perez,L (2739)-Nakamura,H (2777) Saint Louis USA 2018 1/2-1/2}) 10...
Qb8 11. Nf1 Qa7 12. Be3 $146 ({RR} 12. Re2 a4 13. Bc2 b5 14. Ng3 Rfe8 15. Nh4
Ne7 16. Be3 Bxe3 17. Rxe3 g6 18. Qd2 Kg7 19. Kh1 c5 20. Ne2 g5 21. Nf3 Ng6 22.
d4 cxd4 23. cxd4 Rac8 24. Bd3 Bc4 25. Ng3 Qb6 26. Nf5+ Kh7 {Zhang,L (2173)
-Zhou,Z (2124) Shenyang CHN 2019 1-0 (37)}) ({RR} 12. Re2 a4 13. Bc2 b5 14. Ng3
Rfe8 15. Nh4 Ne7 16. Be3 Bxe3 17. Rxe3 g6 18. Qd2 Kg7 19. Kh1 c5 20. Ne2 g5 21.
Nf3 Ng6 22. d4 cxd4 23. cxd4 Rac8 24. Bd3 Bc4 25. Ng3 Qb6 26. Nf5+ Kh7 {
Zhang,L (2173)-Zhou,Z (2124) Shenyang CHN 2019 1-0 (37)}) 12... Bxe3 13. Nxe3
a4 14. Bc2 Rfe8 15. Nh4 Ne7 16. Qf3 Qb6 17. b3 Qc5 18. c4 axb3 19. Bxb3 Nc6 20.
Nhf5 Bxf5 21. Nxf5 Nd4 22. Qg3 Nxf5 23. exf5 Qd4 24. Qe3 Nd7 25. Qg3 Nc5 26.
Rad1 Ra3 27. Re3 Nxb3 28. Re4 Nc1 29. f6 Ne2+ 30. Rxe2 g6 31. Qf3 c6 32. Re4
Qb2 33. Qe3 Rxa2 34. Rf1 Qd2 35. Qf3 Rc2 36. Rg4 Kh7 37. Kh2 Re6 38. h4 Qe2 39.
Rxg6 fxg6 40. Qh3 Rxf6 41. Ra1 Qxf2 0-1

[Event "Floripa Chess Open 2024"]
[Site "Florianopolis"]
[Date "2024.01.22"]
[Round "4.18"]
[White "Fier, Alexandr"]
[Black "Lage, Pedro Ferreira"]
[Result "1-0"]
[WhiteElo "2549"]
[BlackElo "2100"]
[PlyCount "81"]
[EventDate "2024.01.20"]
[EventRounds "10"]
[EventCountry "BRA"]

1. d4 d5 2. c4 c6 3. Nf3 Nf6 4. Nc3 dxc4 5. a4 Bf5 6. Ne5 Nbd7 7. Nxc4 Nb6 8.
Ne5 a5 9. f3 Nfd7 10. Nxd7 Nxd7 11. e4 Bg6 12. Be3 Qb6 13. Qd2 e5 14. d5 Bc5
15. Bxc5 Nxc5 16. dxc6 bxc6 17. Qd6 Nd7 18. Rd1 Rd8 19. Rd2 h5 $146 ({RR} 19...
Qc5 20. h4 h5 21. Qc7 Qb6 22. Rxd7 Qe3+ 23. Be2 Rxd7 24. Qxe5+ Kf8 25. Qb8+ Ke7
26. Qxh8 Qd2+ 27. Kf2 Qd4+ 28. Kg3 Rd8 29. Rd1 Qxd1 30. Qxg7 Qe1+ 31. Kh3 Qh1+
32. Kg3 Qe1+ 33. Kh3 Qh1+ 34. Kg3 {Fier,A (2580)-Ragger,M (2632) Dubai 2014 1/
2-1/2 (34)}) 20. Bc4 Qc5 21. b3 Qxd6 22. Rxd6 Nb8 23. Rxd8+ Kxd8 24. Kd2 Nd7
25. Nd1 Ke7 26. Kc3 Rb8 27. Ne3 f6 28. h4 Nb6 29. Rg1 Bf7 30. Bxf7 Kxf7 31. Rd1
g6 32. Rd6 Rc8 33. Nc4 Nxc4 34. Kxc4 Ke7 35. Kc5 Rb8 36. Rd3 f5 37. Kxc6 Rb4
38. Rd5 Ke6 39. Rxa5 fxe4 40. fxe4 Rxe4 41. Rc5 1-0

[Event "Floripa Chess Open 2024"]
[Site "Florianopolis"]
[Date "2024.01.22"]
[Round "4.19"]
[White "Lima, Kleyton Alcantara"]
[Black "Flores Quillas, Diego Saul Rodri"]
[Result "0-1"]
[WhiteElo "2119"]
[BlackElo "2429"]
[PlyCount "66"]
[EventDate "2024.01.20"]
[EventRounds "10"]
[EventCountry "BRA"]

1. e4 c5 2. c3 Nf6 3. e5 Nd5 4. d4 cxd4 5. cxd4 d6 6. Nf3 e6 7. Bc4 Be7 8. O-O
O-O 9. Re1 Nc6 10. Bxd5 exd5 11. Nc3 Be6 12. Bf4 dxe5 13. Nxe5 Rc8 ({RR} 13...
Nxe5 14. Bxe5 Qd7 15. Qb3 Rac8 16. Rac1 Rc4 17. h3 Rfc8 18. Rcd1 b5 19. Re3 b4
20. Ne2 Bf5 21. Rg3 f6 22. Qe3 fxe5 23. Qxe5 Bd6 24. Rxg7+ Qxg7 25. Qxd5+ Kh8
26. Qxf5 Rc2 27. d5 Qe5 28. Qxe5+ {Shuvalova,P (2496)-Djokic,M (2148) chess.
com INT 2023 0-1}) 14. Nxc6 $146 ({RR} 14. Rc1 Na5 15. Qf3 Bg5 16. Nd3 Be7 17.
Qg3 Bh4 18. Qf3 Nc6 19. Qe3 Re8 20. Ne5 Ne7 21. Nf3 Nf5 22. Qd2 Bf6 23. Be5 Nd6
24. Bxd6 Qxd6 25. Nb5 Qb6 26. Rxc8 Rxc8 27. Nc3 h6 28. Na4 Qc7 {Vincent,G  
(1701)-Van Melkebeke,W (1932) Houffalize 2011 1/2-1/2 (53)}) 14... Rxc6 15. Rc1
Qd7 16. Qd2 Rfc8 17. Ne2 Rc4 18. Rxc4 dxc4 19. Rd1 Bf5 20. Qe3 h6 21. Qg3 Kh7
22. Nc3 b5 23. a3 a5 24. Rc1 b4 25. axb4 axb4 26. Nd1 Bg6 27. Ne3 c3 28. bxc3
b3 29. Nd1 Ba3 30. Ra1 b2 31. Nxb2 Bxb2 32. Rf1 Bxc3 33. Be3 Bxd4 0-1

[Event "Floripa Chess Open 2024"]
[Site "Florianopolis"]
[Date "2024.01.22"]
[Round "4.20"]
[White "Calcado, Acyr Rogerio"]
[Black "Matsuura, Everaldo"]
[Result "0-1"]
[WhiteElo "2118"]
[BlackElo "2410"]
[PlyCount "88"]
[EventDate "2024.01.20"]
[EventRounds "10"]
[EventCountry "BRA"]

1. e4 c5 2. Nf3 Nc6 3. d4 cxd4 4. Nxd4 Nf6 5. Nc3 e5 6. Ndb5 d6 7. Bg5 a6 8.
Bxf6 gxf6 9. Na3 f5 10. exf5 d5 11. Qxd5 Bxa3 12. Qxd8+ Nxd8 13. bxa3 Bxf5 14.
Bd3 Bxd3 15. cxd3 Ne6 16. Kd2 $146 ({RR} 16. O-O-O f6 17. g3 Kf7 18. Rhe1 Rhd8
19. Re4 Rac8 20. Kb2 Nc5 21. Re3 Rd6 22. f4 Ne6 23. Ne2 exf4 24. gxf4 Nc5 25.
Ka1 Na4 26. Rd2 Rdc6 27. Kb1 Rb6+ 28. Ka1 Nc3 29. Nxc3 Rxc3 30. Re1 Kg6 {
Brito,L (2275)-Matsuura,E (2487) Joao Pessoa 2012 1/2-1/2 (44)}) 16... O-O-O
17. Rhe1 f6 18. Re3 Rd4 19. Rc1 Kb8 20. Ne4 Rf8 21. Nc5 Nxc5 22. Rxc5 Rf4 23.
f3 Rh4 24. h3 Ra4 25. Rc3 Rc8 26. Re4 Ra5 27. a4 f5 28. Rh4 f4 29. Rxc8+ Kxc8
30. Rxh7 Rxa4 31. Rg7 Rxa2+ 32. Kc3 Kb8 33. h4 a5 34. h5 Ra1 35. Kc4 Ka7 36.
Kb5 a4 37. Kb4 a3 38. Kb3 Rd1 39. Kxa3 Rxd3+ 40. Kb4 Rd1 41. Kb5 Rg1 42. Ka5 e4
43. fxe4 f3 44. Rf7 fxg2 0-1

[Event "Floripa Chess Open 2024"]
[Site "Florianopolis"]
[Date "2024.01.22"]
[Round "4.21"]
[White "Almeida Junior, Alvaro Alves De"]
[Black "Perez, Maximiliano"]
[Result "0-1"]
[WhiteElo "2099"]
[BlackElo "2383"]
[PlyCount "134"]
[EventDate "2024.01.20"]
[EventRounds "10"]
[EventCountry "BRA"]

1. e4 g6 2. d4 Bg7 3. Nc3 c6 4. Be3 d5 5. Qd2 dxe4 6. Nxe4 Nd7 7. Nf3 Ngf6 8.
Nxf6+ Nxf6 9. Bh6 Bxh6 10. Qxh6 Bg4 11. Qe3 Bxf3 12. gxf3 Qa5+ 13. c3 O-O-O
$146 ({RR} 13... Nd5 14. Qe5 f6 15. Qe2 O-O-O 16. Qc4 Nf4 17. O-O-O e5 18. h4
Rhe8 19. dxe5 Rxd1+ 20. Kxd1 Qxe5 21. Kc2 Kc7 22. Qe4 Qxe4+ 23. fxe4 Rxe4 24.
Bd3 Re5 25. Rg1 Nh3 26. Rg2 Rh5 27. Rh2 Nf4 28. Bf1 {Radulov,I-Liebert,H
Kapfenberg 1970 0-1 (33)}) ({RR} 13... Nd5 14. Qd2 O-O-O 15. Bc4 e6 16. O-O-O
Qc7 17. Kb1 Nb6 18. Bd3 c5 19. dxc5 Qxc5 20. Qe3 Qc7 21. c4 Kb8 22. b3 Rd7 23.
h4 h5 24. Rd2 Rhd8 25. Rhd1 Rd4 26. Be4 Rxd2 27. Rxd2 Rxd2 28. Qxd2 {Shailesh,
D (2299)-Rahman,Z (2492) Ahmedabad IND 2019 1/2-1/2 (76)}) 14. Bc4 e6 15. O-O-O
Qc7 16. Kb1 Kb8 17. Qg5 Nh5 18. Rde1 Qf4 19. Qxf4+ Nxf4 20. Re4 Nh5 21. b4 Kc7
22. Kc2 b5 23. Bb3 a5 24. a4 bxa4 25. Bxa4 axb4 26. cxb4 Rb8 27. Kb3 Rb6 28.
Rc1 Rhb8 29. Rc4 Nf6 30. Rf4 Nd5 31. Rxf7+ Kd6 32. Rxh7 Rxb4+ 33. Rxb4 Rxb4+
34. Ka3 Rxd4 35. Bc2 g5 36. Rg7 Rh4 37. Rxg5 Rxh2 38. Be4 Rxf2 39. Rg6 Nf4 40.
Rg4 Ne2 41. Kb3 Nd4+ 42. Kc3 c5 43. Rg8 Rf1 44. Kc4 Nxf3 45. Bxf3 Rxf3 46. Rd8+
Ke5 47. Rd2 Rf1 48. Re2+ Kd6 49. Rd2+ Kc6 50. Re2 Rf4+ 51. Kc3 Kd5 52. Re3 c4
53. Rh3 e5 54. Rg3 Rf8 55. Rh3 Ra8 56. Rh4 Ra3+ 57. Kc2 e4 58. Rh8 Kd4 59. Rd8+
Ke3 60. Rh8 Rd3 61. Rc8 Rd5 62. Rh8 Kf2 63. Rf8+ Ke2 64. Rh8 e3 65. Rf8 Rd2+
66. Kc1 Rd1+ 67. Kc2 Rf1 0-1

[Event "Floripa Chess Open 2024"]
[Site "Florianopolis"]
[Date "2024.01.22"]
[Round "4.22"]
[White "Ferreira, Thales Bond Dias"]
[Black "Molina, Roberto Junio Brito"]
[Result "0-1"]
[WhiteElo "2086"]
[BlackElo "2381"]
[PlyCount "136"]
[EventDate "2024.01.20"]
[EventRounds "10"]
[EventCountry "BRA"]

1. d4 d5 2. Nf3 Nf6 3. c4 e6 4. g3 Nc6 5. cxd5 exd5 6. Bg2 Be7 ({RR} 6... Bd6
7. Bg5 Nb8 8. Nc3 c6 9. O-O O-O 10. Ne5 Nbd7 11. Nxd7 Bxd7 12. Qb3 Qb6 13. Rfd1
Qxb3 14. axb3 a6 15. Bxf6 gxf6 16. e4 dxe4 17. Nxe4 Be7 18. d5 cxd5 19. Nc3 Bc6
20. Bxd5 Rfd8 21. Bxc6 {Rodshtein,M (2606)-Oleksiyenko,M (2592)
Aix-en-Provence FRA 2023 1/2-1/2 (51)}) 7. Nc3 O-O 8. O-O h6 $146 ({RR} 8...
Be6 9. Qa4 h6 10. Rd1 Bd6 11. Nb5 Ne4 12. Nxd6 Nxd6 13. Bf4 Ne7 14. Ne5 f6 15.
Nd3 g5 16. Nc5 Bc8 17. Bd2 b6 18. Nd3 Bg4 19. Re1 Nc4 20. Bc3 Nd6 21. Nb4 b5
22. Qb3 Nc4 23. a4 {Popov,I (2255)-Askarov,M Rybinsk 1997 1-0 (31)}) ({RR} 8...
Bf5 9. a3 Ne4 10. Qb3 Na5 11. Qxd5 Nxc3 12. Qxf5 Nxe2+ 13. Kh1 Nb3 14. Be3 Nxa1
15. Rxa1 c5 16. dxc5 Qa5 17. Qd3 Nxg3+ 18. hxg3 Bxc5 19. b4 Bxb4 20. Bd4 Qh5+
21. Kg1 Bc5 22. Bb2 Rfd8 23. Qc3 {Al Saad,M-Hansen,H (2028) Copenhagen 2004
0-1 (51)}) 9. Ne5 Nb8 10. Qc2 c6 11. Rb1 a5 12. a3 Na6 13. h3 Re8 14. g4 Bf8
15. Bf4 Be6 16. Rbd1 Rc8 17. Qb1 b5 18. Rfe1 b4 19. axb4 axb4 20. Na4 c5 21.
dxc5 Nxc5 22. Nxc5 Bxc5 23. e3 Qb6 24. Nd3 Bd6 25. Bxd6 Qxd6 26. Nf4 Qe5 27.
Nd3 Qb8 28. Nf4 Rc5 29. Nd3 Rc4 30. Nf4 Qe5 31. b3 Rc3 32. Ne2 Rc7 33. Qa1 Qg5
34. Qd4 h5 35. Qxb4 hxg4 36. Qf4 Qxf4 37. Nxf4 gxh3 38. Bxh3 g5 39. Bxe6 fxe6
40. Ne2 Rb7 41. Rd3 Ne4 42. Nd4 Kf7 43. f3 Nd6 44. Rc1 Kf6 45. Rc6 Nf7 46. Rdc3
Rd7 47. Rc7 Rxc7 48. Rxc7 Rb8 49. Rc6 Nd8 50. Rc3 Rb6 51. Rc8 Nf7 52. Rc3 e5
53. Ne2 Ke6 54. Kf2 Nd6 55. Ke1 Rb4 56. Kd2 g4 57. fxg4 Ne4+ 58. Kd3 Nxc3 59.
Kxc3 Rxg4 60. Kd3 Rh4 61. Kd2 Kd6 62. Kd3 Kc5 63. Kc3 Rh3 64. Kd2 Kb4 65. Nc3
Rh2+ 66. Ne2 Kxb3 67. Kd3 e4+ 68. Kd2 Rxe2+ 0-1

[Event "Floripa Chess Open 2024"]
[Site "Florianopolis"]
[Date "2024.01.22"]
[Round "4.23"]
[White "Curi, Gabriel"]
[Black "Von Buelow, Georg"]
[Result "1/2-1/2"]
[WhiteElo "2069"]
[BlackElo "2345"]
[PlyCount "82"]
[EventDate "2024.01.20"]
[EventRounds "10"]
[EventCountry "BRA"]

1. d4 Nf6 2. Nc3 d5 3. Bf4 c5 4. e3 cxd4 5. exd4 a6 6. Nf3 Nc6 7. Ne5 Bd7 8.
Nxd7 Qxd7 9. Ne2 e6 10. c3 Bd6 11. Bxd6 $146 ({RR} 11. Bg3 O-O 12. Nf4 Qc7 13.
Nh5 Ne4 14. Bd3 f5 15. Bxd6 Qxd6 16. f3 Nf6 17. Nxf6+ Rxf6 18. Qe2 e5 19. dxe5
Nxe5 20. O-O-O Rc8 21. Rhe1 Nc6 22. Kb1 h6 23. Bc4 Qxh2 24. Bxd5+ Kh7 25. Be6
Rcf8 {Cardoso Cardoso,J (2486)-Svane,R (2622) chess.com INT 2022 1-0 (47)})
11... Qxd6 12. Nc1 O-O 13. Be2 e5 14. dxe5 Qxe5 15. O-O d4 16. Nd3 Qd6 17. c4
Nd7 18. Bf3 Rab8 19. b4 Nde5 20. Bd5 Nxd3 21. Qxd3 Qxb4 22. Bxc6 bxc6 23. Qxd4
Rbd8 24. Qe4 c5 25. Rad1 Rxd1 26. Rxd1 Qa4 27. Qd5 Re8 28. g3 g6 29. Rd3 Qxa2
30. Rf3 Rf8 31. Qxc5 Qb1+ 32. Kg2 Qe4 33. Qd5 Qxd5 34. cxd5 Ra8 35. Re3 Kf8 36.
Kf3 a5 37. d6 a4 38. d7 a3 39. Kg2 a2 40. Ra3 Rd8 41. Rxa2 Rxd7 1/2-1/2

[Event "Floripa Chess Open 2024"]
[Site "Florianopolis"]
[Date "2024.01.22"]
[Round "4.24"]
[White "Gemy, Jose Daniel"]
[Black "Silva, Guilherme Henrique"]
[Result "1-0"]
[WhiteElo "2329"]
[BlackElo "2068"]
[PlyCount "99"]
[EventDate "2024.01.20"]
[EventRounds "10"]
[EventCountry "BRA"]

1. e4 c5 2. Nf3 d6 3. Bb5+ Nd7 4. O-O Ngf6 5. Re1 a6 6. Bf1 e6 7. d4 cxd4 8.
Nxd4 Be7 9. c4 O-O 10. Nc3 Qc7 11. Bg5 ({RR} 11. Be3 Ne5 12. Rc1 Bd7 13. h3
Rac8 14. f4 Ng6 15. b3 Qb8 16. g3 Rfd8 17. Qe2 Bf8 18. h4 e5 19. Nf5 exf4 20.
Bb6 Re8 21. Qf2 Ng4 22. Qf3 N4e5 23. Qf2 fxg3 24. Qxg3 Bxf5 25. exf5 Ne7 {
Kupervaser,E (2267)-Nazari,A (2358) chess.com INT 2023 0-1 (38)}) 11... b6 $146
({RR} 11... Re8 12. Rc1 b6 13. Bh4 Bb7 14. Bg3 Rad8 15. b4 Qc8 16. a3 Qa8 17.
f3 Rc8 18. Nb3 Red8 19. Bf2 Bf8 20. Na4 Rc6 21. Qd2 Qb8 22. Bd4 Ba8 23. Qf2
Rdc8 24. Rcd1 Be7 25. Rd2 Bd8 26. b5 {Galego,L (2445)-Pinheiro,J (2250) Lisbon
1996 1-0 (54)}) 12. Rc1 Bb7 13. b3 Rac8 14. Bd3 Qb8 15. Bb1 Bd8 16. Bh4 Bc7 17.
f4 Qa8 18. Qd3 g6 19. Qh3 b5 20. Bf2 b4 21. Nd1 Nxe4 22. Bxe4 Bxe4 23. Nxe6
Bxg2 24. Nxc7 Bxh3 25. Nxa8 Rxa8 26. Ne3 Nc5 27. Nd5 Ne6 28. Bh4 Ng7 29. Be7
Nf5 30. Bxf8 Kxf8 31. Nxb4 a5 32. Nd5 a4 33. Nb6 Ra6 34. Nxa4 Nd4 35. Kf2 Bd7
36. Nc3 Ne6 37. Kg3 h5 38. Rcd1 h4+ 39. Kf3 Bc6+ 40. Ke3 Bb7 41. Rd2 f5 42. Nb5
Ke7 43. Rg1 g5 44. fxg5 f4+ 45. Kf2 Nc5 46. Nc3 Ra8 47. Rg4 Rf8 48. Rxh4 Ke6
49. Rh6+ Kf5 50. Rdxd6 1-0

[Event "Floripa Chess Open 2024"]
[Site "Florianopolis"]
[Date "2024.01.22"]
[Round "4.25"]
[White "Menna Barreto, Felipe Kubiaki"]
[Black "Volkmann, Andre Jordi"]
[Result "1/2-1/2"]
[WhiteElo "2278"]
[BlackElo "2083"]
[PlyCount "45"]
[EventDate "2024.01.20"]
[EventRounds "10"]
[EventCountry "BRA"]

1. Nf3 Nf6 2. g3 d5 3. Bg2 e6 4. O-O Be7 5. b3 O-O 6. Bb2 b6 7. c4 Bb7 8. cxd5
Bxd5 9. Nc3 Bb7 10. d4 c5 11. Rc1 Nbd7 12. Qd2 ({RR} 12. Qd3 cxd4 13. Qxd4 Nc5
14. Rfd1 Qxd4 15. Nxd4 Bxg2 16. Kxg2 Rfc8 17. f3 Kf8 18. Kf2 Ke8 19. Ndb5 Nb7
20. Na4 Nc5 21. Bxf6 gxf6 22. Nxc5 Bxc5+ 23. Ke1 Ke7 24. e4 a6 25. Nd4 Ra7 26.
Ke2 Rac7 {Seo,J (2481)-Sarana,A (2695) chess.com INT 2024 0-1 (66)}) 12... Rc8
$146 ({RR} 12... cxd4 13. Qxd4 Nc5 14. Rfd1 Qxd4 15. Nxd4 Bxg2 16. Kxg2 Rac8
17. b4 Ncd7 18. a3 Ne5 19. Ncb5 a5 20. bxa5 bxa5 21. Nxe6 fxe6 22. Bxe5 Rxc1
23. Rxc1 Ng4 24. Bd4 e5 25. Ba7 e4 26. h3 Ne5 27. Bd4 {Spata,G (2399)-Parfenov,
V (2193) chess.com INT 2023 1-0 (31)}) 13. Rfd1 cxd4 14. Nxd4 Bxg2 15. Kxg2 Qc7
16. Kg1 Qb7 17. Ndb5 Rc6 18. Ne4 Rxc1 19. Nxf6+ Nxf6 20. Rxc1 Rd8 21. Qc2 Bc5
22. Rd1 Rd7 23. Rxd7 1/2-1/2